000 00569nam a2200181Ia 4500
008 100921s9999 xx 000 0 und d
082 _b1403
_a891.462 0
100 _aभावे पुरूषोत्तम भास्कर.
245 _aस्वामिनी.
260 _bगाडगीळ वा.य.मुंबई.
_c0
300 _a86
_b---
365 _b2
520 _aललित-नाटके.
630 _aस्वामिनी.
650 _aललित-नाटके.
730 _aस्वामिनी.
942 _cBOOK
999 _c750516
_d750513